The lady of the cimarrones : (Record no. 6071)
[ view plain ]
| 000 -LEADER | |
|---|---|
| fixed length control field | 00805nam a22001937a 4500 |
| 003 - CONTROL NUMBER IDENTIFIER | |
| control field | OSt |
| 005 - DATE AND TIME OF LATEST TRANSACTION | |
| control field | 20251124113243.0 |
| 008 - FIXED-LENGTH DATA ELEMENTS--GENERAL INFORMATION | |
| fixed length control field | 251124b |||||||| |||| 00| 0 eng d |
| 040 ## - CATALOGING SOURCE | |
| Original cataloging agency | DWC-Main Lib. |
| Transcribing agency | OC |
| 082 ## - DEWEY DECIMAL CLASSIFICATION NUMBER | |
| Classification number | SC. 232.9109 G377L 2010 |
| 100 ## - MAIN ENTRY--PERSONAL NAME | |
| Personal name | Gerona, Danilo M. |
| 245 ## - TITLE STATEMENT | |
| Title | The lady of the cimarrones : |
| Remainder of title | the Peñafrancia devotion in the Spanish Kabikolan 1710-1898/ |
| Statement of responsibility, etc. | Danilo M. Gerona |
| 260 ## - PUBLICATION, DISTRIBUTION, ETC. | |
| Place of publication, distribution, etc. | Canaman, Camarines Sur, Phils. : |
| Name of publisher, distributor, etc. | Bikol Historical Research Center, |
| Date of publication, distribution, etc. | c2010. |
| 300 ## - PHYSICAL DESCRIPTION | |
| Extent | vii, 162 pages : |
| Other physical details | illustrations ; |
| Dimensions | 23 cm. |
| 650 ## - SUBJECT ADDED ENTRY--TOPICAL TERM | |
| Topical term or geographic name entry element | 1. Mary, Blessed Virgin, Saint--Devotion to--Philippines--Bicol Peninsula. |
| 650 ## - SUBJECT ADDED ENTRY--TOPICAL TERM | |
| Topical term or geographic name entry element | 2. Peña de Francia, Nuestra Señora de la. |
| 650 ## - SUBJECT ADDED ENTRY--TOPICAL TERM | |
| Topical term or geographic name entry element | 3. Bicol Peninsula (Philippines)--Religious life and customs. |
| 942 ## - ADDED ENTRY ELEMENTS (KOHA) | |
| Source of classification or shelving scheme | Dewey Decimal Classification |
| Koha item type | Special Collection |
| Call number prefix | SC. |
| Suppress in OPAC | No |
| 952 ## - LOCATION AND ITEM INFORMATION (KOHA) | |
| -- | |
| Withdrawn status | Lost status | Source of classification or shelving scheme | Damaged status | Not for loan | Home library | Current library | Shelving location | Date acquired | Source of acquisition | Total Checkouts | Full call number | Barcode | Date last seen | Copy number | Price effective from | Koha item type | Uniform Resource Identifier |
|---|---|---|---|---|---|---|---|---|---|---|---|---|---|---|---|---|---|
| Dewey Decimal Classification | College Library | College Library | Special Collection | 03/04/2014 | Donation | SC. 232.9109 G377L 2010 | CL50565 | 11/24/2025 | c1 | 11/24/2025 | SC |